Famous Polish people - Statistics

General Stats
  • This quiz has been taken 76 times
  • The average score is 9 of 15
Answer Stats
Hint Answer % Correct
Renaissance mathematician and astronomer, revolutionized understanding of the cosmos by placing the Sun at the center of the solar system Mikołaj Kopernik
94%
19th-century composer and virtuoso pianist, is celebrated for his emotionally expressive and influential Romantic-era piano compositions Fryderyk Chopin
90%
Transformative figure in the Catholic Church, serving as the first non-Italian pope in 455 years Jan Paweł II
87%
Pioneering physicist and chemist, was the first woman to win a Nobel Prize and the first person to win this prize twice, recognized for her research on radioactivity Maria Curie-Skłodowska
83%
Prolific striker, is widely regarded as one of the world's best footballers. Known from teams like FC Barcelona and Borussia Dortmund. Robert Lewandowski
81%
Nobel Peace Prize laureate, former president, played a pivotal role in leading the Solidarity movement, contributing to the end of communist rule Lech Wałęsa
80%
Film director and screenwriter born in 1933, acclaimed for works like "Chinatown" and "Rosemary's Baby" Roman Polański
77%
Legendary ski jumper, is one of the most successful athletes in the history of the sport, achieving numerous World Cup victories and four Olympic medals Adam Małysz
65%
Military engineer and national hero, played a key role in the American Revolutionary War and led the 1794 uprising in Poland against foreign powers. Hint: Australia's mountain Tadeusz Kościuszko
65%
Writer, "The Witcher" author Andrzej Sapkowski
54%
Film director, was a prominent figure in world cinema, recognized for his powerful and often politically charged films Andrzej Wajda
46%
Co-founder of Apple Inc., inventor who played a pivotal role in the development of the Apple I and II, contributing to the personal computer revolution Steve Wozniak
36%
Renowned filmmaker, is celebrated for his masterful contributions to cinema, particularly the critically acclaimed "Three Colors" trilogy Krzysztof Kieślowski
30%
Created the constructed language Esperanto with the vision of fostering global communication and understanding Ludwig Zamenhoff
10%
Mathematicians and cryptanalysts who played a crucial role in breaking the German Enigma code during World War II (name one) Marian Rejewski / Jerzy Różycki / Henryk Zygalski
10%
No matching quizzes found
Score Distribution
Percent of People with Each Score
Percentile by Number Answered
Your Score History
You have not taken this quiz